000 00538nam a22001817a 4500
008 151015b xxu||||| |||| 00| 0 eng d
020 _a0915552590
041 0 _aeng
080 _a656.07
245 1 0 _aAdvances in consumer research
260 _aDuluth, MN:
_bAssociation for Consumer Research,
_c2007.
300 _a754 f.:
_c28 cm.
_bme il.;
650 0 _aSjellja konsumatore
650 0 _aMarketing
650 0 _aSjellja organizative
710 2 _aAssociation for Consumer Research (U.S.)
942 _2udc
_cBK
999 _c1292
_d1292